Mexico ; its educational problems--suggestions for their solution /

Bibliographic Details
Main Author: Barranco, Manuel
Format: Book
Language:English
Published: New York city : Teachers college, Columbia university, 1915.
Series:Teachers college, Columbia university. Contributions to education, no. 73
Subjects:

MARC

Tag First Indicator Second Indicator Subfields
LEADER 00000cam a2200000 i 4500
001 in00000062156
005 20151008051654.0
008 780404s1915 nyu b 00010 engm
010 |a  15017202  
035 |a (OCoLC)03778112 
035 |9 AAG9323AM 
040 |a DLC  |c NIE  |d TXA  |d UtOrBLW 
049 |a TXAM  |c [4395] 
050 0 |a LA422  |b .B27 
092 |a 370.972  |b B26 
100 1 |a Barranco, Manuel. 
245 1 0 |a Mexico ;  |b its educational problems--suggestions for their solution /  |c by Manuel Barranco. 
264 1 |a New York city :  |b Teachers college, Columbia university,  |c 1915. 
300 |a vii pages, 1 ., 78 pages ;  |c 24 cm. 
336 |a text  |b txt  |2 rdacontent 
337 |a unmediated  |b n  |2 rdamedia 
338 |a volume  |b nc  |2 rdacarrier 
490 0 |a Teachers college, Columbia university. Contributions to education, no. 73 
504 |a "References": page 26. 
650 0 |a Education  |z Mexico. 
651 0 |a Mexico. 
999 |a MARS 
999 f f |s c264700f-fac2-3700-bed5-89734ba0a582  |i 1a7043ee-62c0-34c3-b728-8729597b3889  |t 0 
952 f f |p normal  |a Texas A&M University  |b College Station  |c Sterling C. Evans Library  |d Evans: Library Stacks  |t 0  |e LA422 .B27  |h Library of Congress classification  |i unmediated -- volume  |m A14800826762 
998 f f |a LA422 .B27  |t 0  |l Evans: Library Stacks